La trayectoria literaria (Record no. 7912)
[ view plain ]
| 000 -LEADER | |
|---|---|
| campo de control de longitud fija | 00372nam a2200145Ia 4500 |
| 001 - NÚMERO DE CONTROL | |
| campo de control | 4507 |
| 008 - DATOS DE LONGITUD FIJA--INFORMACIÓN GENERAL | |
| campo de control de longitud fija | 241024s9999 xx 000 0 und d |
| 020 ## - NÚMERO INTERNACIONAL ESTÁNDAR DEL LIBRO | |
| Número Internacional Estándar del Libro | 78-9945-8912-8-7 |
| 082 ## - NÚMERO DE LA CLASIFICACIÓN DECIMAL DEWEY | |
| Número de clasificación | RD/860/C216t/2016 |
| 100 ## - ENTRADA PRINCIPAL--NOMBRE DE PERSONA | |
| Nombre de persona | Bruno Rosario Candelier |
| 245 #0 - MENCIÓN DEL TÍTULO | |
| Título | La trayectoria literaria |
| 260 ## - PUBLICACIÓN, DISTRIBUCIÓN, ETC. | |
| Nombre del editor, distribuidor, etc. | Editora Judicial |
| Fecha de publicación, distribución, etc. | 2016 |
| 901 ## - ELEMENTOS DE DATOS A LOCAL LDA (RLIN) | |
| a | 25/10/2016 12:06:07 p.m. |
No items available.